[Event "NCC"]
[Site "Philadelphia USA"]
[Date "2001.11.23"]
[Round "2"]
[White "Rogers,N"]
[Black "Stripunsky,A"]
[Result "1/2-1/2"]
[WhiteElo "2269"]
[BlackElo "2535"]

1.e4 c5 2.Nf3 e6 3.d4 cxd4 4.Nxd4 a6 5.Nc3 Qc7 6.Bd3 b5 7.O-O Bb7 8.Qe2 Bd6
9.f4 Bc5 10.Be3 Qb6 11.Qf2 Nc6 12.Nf5 Bxe3 13.Nxe3 d6 14.Rae1 Nf6 15.Qg3 O-O
16.Kh1 Nb4 17.e5 Ne8 18.f5 Nxd3 19.cxd3 dxe5 20.f6 Kh8 21.fxg7+ Nxg7 22.Qxe5 Rad8
23.Qf6 Rxd3 24.Ng4 Qd8 25.Ne5 Qxf6 26.Rxf6 Nh5 27.Rxf7 Rxf7 28.Nxd3 Nf4 29.Nxf4 Rxf4
30.Kg1 b4 31.Na4 Bd5 32.b3 a5 33.Nb6 Rd4 34.Kf2 Rd2+ 35.Re2 Rxe2+ 36.Kxe2 Bxg2
37.Nc4 Bd5 38.Nxa5 Kg7 39.Kd3 e5 40.Nc4 Kf6 41.Nd2 Kf5 42.Ke3 h5 43.Nc4 h4
44.Nb2 Be4 45.Nc4 Bd5 46.Nb2 Kg4 47.Nd3 Kh3 48.Nxb4 Be6 49.Kf2 Kxh2 50.Nd3 e4
51.Nf4 Bf7 52.Ke3 Kg3 53.Kxe4 h3 54.Nxh3 Kxh3 55.Kd4  1/2-1/2

[Event "ch-ITA"]
[Site "Montecatini Terme ITA"]
[Date "2001.11.27"]
[Round "7"]
[White "Tatai,S"]
[Black "Bellia,F"]
[Result "1/2-1/2"]
[WhiteElo "2352"]
[BlackElo "2413"]

1.e4 c5 2.Nf3 e6 3.d4 cxd4 4.Nxd4 a6 5.Nc3 Qc7 6.g3 b5 7.Bg2 Bb7 8.O-O Nf6
9.Re1 d6 10.a4 b4 11.Na2 e5 12.Nf5 g6 13.Ne3 a5 14.c3 Na6 15.cxb4 axb4 16.Bd2 Nc5
17.Nxb4 Ncxe4 18.Ng4 Bg7 19.Nxf6+ Nxf6 20.Bxb7 Qxb7 21.Bc3 Ne4 22.Qd5 Qxd5
23.Nxd5 Nxc3 24.Nc7+ Kd7 25.Nxa8 Nd5 26.Red1 Ke6 27.Rxd5 Kxd5 28.Nc7+ Kc6
29.Rc1+ Kd7 30.Nd5 e4 31.Rc7+ Ke6 32.Nf4+ Ke5 33.Rxf7 Bh6 34.Rb7 Bxf4 35.gxf4+ Kd5
36.Kf1 Kc6 37.Rb4 d5 38.Ke2 Rf8 39.Ke3 Rf5 40.a5 d4+ 41.Kxe4 Rxa5 42.Rc4+ Kb6
43.f3 Rh5 44.Rc2 Rh4 45.Kxd4 Rxf4+ 46.Ke3 Rh4 47.f4 Rh3+ 48.Ke4 Kb5 49.Rf2 Kc6
50.Ke5 Rh5+ 51.Kf6 Kb6 52.Kg7 Kb5 53.Kg8 Kc6 54.Rc2+ Kb6 55.Re2 Kc6 56.b3 Rh4
57.Re7 Rxf4 58.Rxh7 g5 59.Rh6+ Kc7 60.Rh7+ Kc6 61.Rf7 Rh4 62.Rf2 Rh3 63.Rc2+ Kd7
64.b4 Rb3 65.Kf7 Rxb4 66.Rd2+ Kc6 67.Ke6 g4 68.Rc2+ Kb7 69.Kf5 Kb6 70.Kg5 Kb7
71.Rg2 Kc7 72.Rxg4 Rxg4+ 73.Kxg4  1/2-1/2

[Event "9th YM"]
[Site "Loures POR"]
[Date "2001.11.29"]
[Round "3"]
[White "Fernando,D"]
[Black "Guerra,V"]
[Result "1-0"]
[WhiteElo "2367"]
[BlackElo "2160"]

1.e4 c5 2.Nf3 e6 3.d4 cxd4 4.Nxd4 a6 5.Nc3 Qc7 6.Bd3 Be7 7.Be3 Nc6 8.O-O Nf6
9.Kh1 d6 10.f4 Nxd4 11.Bxd4 e5 12.Be3 exf4 13.Rxf4 Be6 14.Bd4 O-O-O 15.Qe2 d5
16.e5 Nd7 17.Bf5 Bc5 18.Bxc5 Nxc5 19.Rd1 Kb8 20.b4 d4 21.Nb5 axb5 22.bxc5 Bc4
23.Bd3 Qxc5 24.a4 Rhe8 25.axb5 Bxd3 26.Qxd3 Rxe5 27.Rxf7 Re3 28.Qxh7 Qxb5
29.Qxg7 Qc6 30.Rb1 b6 31.Rf6 Re6 32.Qg3+ Kb7 33.Rf7+ Rd7 34.Rf8 Rc7 35.Qg8 Rc8
36.Rxc8 Qxc8 37.Qf7+ Kc6 38.h3 Rd6 39.Qf3+ Kc7 40.Ra1 Qb7 41.Qf7+ Kc6 42.Qc4+ Kd7
43.Qb5+ Kc8 44.Rf1 Qe7 45.Ra1 Kb8 46.Qa4 Qe4 47.Qa7+ Kc8 48.Qf7 Rd7 49.Qg8+ Rd8
50.Qc4+ Kb8 51.Qb4 Qc6 52.Qe7 Qd7 53.Qa3 Qb7 54.Qg3+ Kc8 55.Qg4+ Kb8 56.Qf4+ Kc8
57.Qf5+ Rd7 58.Re1 Kb8 59.Qf4+ Qc7 60.Re8+ Ka7 61.Qf8 Rd6 62.Rc8 Qb7 63.Rc4 Rd5
64.Qf4 Ka6 65.Rc7 Qb8 66.Qf1+ d3 67.Rc3 Qe5 68.Ra3+ Kb7 69.cxd3 Ra5 70.Qf7+ Kb8
71.Qf8+ Kb7 72.Qf7+ Kb8 73.Rxa5 bxa5 74.Qf2 Qa1+ 75.Kh2 Qe5+ 76.g3 a4 77.d4 Qe4
78.h4 Kb7 79.h5 a3 80.Qf7+ Kb6 81.Qb3+ Kc7 82.Qc4+ Kb7 83.h6 Qf3 84.Qb5+ Ka7
85.h7 Qf2+ 86.Kh3 Qf6 87.Qc5+ Kb7 88.Qb4+ Kc6 89.d5+ Kxd5 90.Qb7+ Kd4 91.Qd7+ Ke3
92.Qe8+ Kf2 93.h8=Q  1-0

[Event "9th YM"]
[Site "Loures POR"]
[Date "2001.12.01"]
[Round "5"]
[White "Janev,E"]
[Black "Guerra,V"]
[Result "1-0"]
[WhiteElo "2487"]
[BlackElo "2160"]

1.e4 c5 2.Nf3 e6 3.d4 cxd4 4.Nxd4 a6 5.Nc3 Qc7 6.g3 Nf6 7.Bg2 Nc6 8.O-O Be7
9.a4 O-O 10.Nb3 b6 11.f4 d6 12.g4 Bb7 13.g5 Nd7 14.Be3 Rfe8 15.Qe2 Bf8 16.Rad1 Rac8
17.Rf3 g6 18.Rh3 Ne7 19.Qf2 Bg7 20.Bd4 e5 21.Be3 exf4 22.Bxf4 Be5 23.Qh4 Nf8
24.Rf1 b5 25.axb5 axb5 26.Bxe5 dxe5 27.Qf2 b4 28.Qxf7+ Kh8 29.Qf6+ Kg8 30.Nb5  1-0

[Event "ch-ITA"]
[Site "Montecatini Terme ITA"]
[Date "2001.12.01"]
[Round "11"]
[White "Tatai,S"]
[Black "Mantovani,R"]
[Result "1/2-1/2"]
[WhiteElo "2352"]
[BlackElo "2369"]

1.e4 c5 2.Nf3 e6 3.d4 cxd4 4.Nxd4 a6 5.Nc3 Qc7 6.g3 Bb4 7.Bd2 Nf6 8.Bg2 Nc6
9.Nxc6 bxc6 10.O-O Be7 11.Re1 e5 12.Na4 d6 13.b3 Bg4 14.Qc1 Be6 15.Qb2 O-O
16.c4 h6 17.Bc3 Nd7 18.Rad1 Nb6 19.Nxb6 Qxb6 20.Qa3 Qc7 21.Ba5 Qb8 22.f4 Bg4
23.Rd3 Qa7+ 24.Kh1 d5 25.Bb4 dxc4 26.bxc4 Qf2 27.Rf1 Bxb4 28.Rxf2 Bxa3 29.Rxa3 Rfd8
30.h3 Be6 31.Rc2 f6 32.fxe5 fxe5 33.Ra5 Rd4 34.Rxe5 Rxc4 35.Rf2 Re8 36.Ra5 Bc8
37.e5 Rc1+ 38.Rf1 Rc3 39.Kh2 Rc2 40.Kg1 c5 41.Re1 Kf8 42.g4 Rd8 43.Be4 Rc3
44.Rf1+ Ke7 45.Rf3 Rc1+ 46.Rf1 Rc3 47.Rf3 Rd1+ 48.Kf2 Rdc1 49.Ra3 Rxf3+ 50.Kxf3 g5
51.Kf2 Ra1 52.Bd5 Be6 53.Bxe6 Kxe6 54.Rxa6+ Kxe5 55.Ke3 Kd5 56.Kd3 Rd1+ 57.Kc3 Rc1+
58.Kd3 Rd1+ 59.Kc3 Rc1+ 60.Kd3  1/2-1/2

[Event "FSGMA December"]
[Site "Budapest HUN"]
[Date "2001.12.03"]
[Round "3"]
[White "Felgaer,R"]
[Black "Antal,Ge"]
[Result "1-0"]
[WhiteElo "2467"]
[BlackElo "2426"]

1.e4 c5 2.Nf3 e6 3.d4 cxd4 4.Nxd4 a6 5.Nc3 b5 6.g3 Bb7 7.Bg2 b4 8.Na4 Nf6
9.Qe2 Qa5 10.b3 Nc6 11.Bb2 Nxd4 12.Bxd4 Qb5 13.Qd3 e5 14.Be3 d5 15.exd5 Qxd3
16.cxd3 Bxd5 17.Bxd5 Nxd5 18.Rc1 Bd6 19.Kd2 f5 20.Rc4 Kd7 21.Rhc1 Rac8 22.Bc5 Rc7
23.Bxd6 Kxd6 24.Nb6 Rxc4 25.Nxc4+ Ke6 26.Re1 e4 27.dxe4 fxe4 28.Rxe4+ Kf6
29.Rd4 Nc3 30.Rd6+ Kf5 31.Rxa6 Ke4 32.a4 Kf3 33.a5 Kxf2 34.Rb6 Rd8+ 35.Kc2 Nd5
36.Rb7 Ra8 37.Rxg7 Ne3+ 38.Nxe3 Kxe3 39.Re7+ Kd4 40.Rxh7 Rxa5 41.Rh4+ Ke3
42.Rxb4 Ra2+ 43.Kc3 Rxh2 44.Rg4 Kf3 45.Rg8 Ke4 46.Kc4 Ke5 47.Kb5 Kd6 48.Rg7 Rh8
49.b4 Rb8+ 50.Kc4 Re8 51.Kd4 Kc6 52.g4 Re1 53.g5 Re2 54.Rg8 Re1 55.g6 Kb7
56.Kd5 Re2 57.Rf8 Rg2 58.Rf7+ Kb6 59.Rf6+ Kc7 60.Ke6 Re2+  1-0

[Event "ch-ROM"]
[Site "Targoviste ROM"]
[Date "2001.12.05"]
[Round "11"]
[White "Parligras,M"]
[Black "Manolache,M"]
[Result "1-0"]
[WhiteElo "2431"]
[BlackElo "2394"]

1.e4 c5 2.Nf3 e6 3.Nc3 a6 4.d4 cxd4 5.Nxd4 Qc7 6.Bd3 Nf6 7.O-O d6 8.f4 Be7
9.Kh1 Nbd7 10.Qe2 O-O 11.Bd2 Nc5 12.a4 b6 13.b4 Nxd3 14.cxd3 e5 15.Nf3 Bb7
16.Rac1 Qd8 17.b5 axb5 18.axb5 Nd7 19.d4 exf4 20.Bxf4 Re8 21.Qd2 Ra3 22.Qb2 Ra5
23.Nd2 d5 24.Rce1 Bh4 25.Re3 Nf8 26.Bg3 Bf6 27.e5 Bg5 28.Ref3 Re7 29.Rf5 Ne6
30.Nf3 h6 31.Nxg5 hxg5 32.Bf2 Rc7 33.Rf3 Qc8 34.Rg3 Rc4 35.Rd1 Qc7 36.h3 Ra8
37.Rdd3 Qe7 38.Ne2 Rca4 39.Nc3 Rc4 40.Ne2 Rb4 41.Rb3 Rba4 42.Qd2 Ra2 43.Qd1 Bc8
44.Be3 R8a5 45.Nc3 Ra1 46.Rb1 Qa7 47.Kh2 Rxb1 48.Qxb1 Qd7 49.Qc1 f6 50.exf6 gxf6
51.h4 Ra8 52.hxg5 f5 53.Bf4 Ra1 54.Qxa1 Nxf4 55.g6 Qc7 56.Kh1 Qd8 57.Qe1 Qh4+
58.Kg1 Ne6 59.Qe5 Bd7 60.Nxd5 Qxd4+ 61.Qxd4 Nxd4 62.Nf6+  1-0

[Event "Friendship GM"]
[Site "Prerove CZE"]
[Date "2001.12.07"]
[Round "4"]
[White "Simacek,P"]
[Black "Antoniewski,R"]
[Result "0-1"]
[WhiteElo "2402"]
[BlackElo "2446"]

1.e4 c5 2.Nf3 e6 3.d4 cxd4 4.Nxd4 a6 5.Nc3 b5 6.Bd3 Qb6 7.Nf3 Nc6 8.O-O Qb8
9.Re1 Nge7 10.e5 Ng6 11.Bxg6 hxg6 12.Bf4 f5 13.a4 b4 14.Ne2 Bb7 15.Qd2 Qc7
16.Rad1 Na5 17.b3 Rc8 18.Ned4 Bd5 19.Re3 Qb7 20.Ne1 Nc6 21.Ne2 Ne7 22.Rg3 Kf7
23.Nd3 a5 24.Be3 Bc6 25.Nef4 Rh6 26.Nb2 g5 27.Rxg5 Nd5 28.Nc4 Nc3 29.f3 Nxd1
30.Qxd1 Qc7 31.Qd4 Qd8 32.Nd3 Rg6 33.Rh5 Bxf3 34.Rh8 Rxc4 35.Qxc4 Bd5 36.Qb5 Rxg2+
37.Kf1 Rxc2 38.Bc5 Bc6 39.Qb6 Qg5 40.Rxf8+ Kg6 41.Bf2 Bg2+ 42.Kg1 Be4+ 43.Bg3 Bxd3  0-1

[Event "ch-ROM"]
[Site "Targoviste ROM"]
[Date "2001.12.07"]
[Round "13"]
[White "Lupulescu,C"]
[Black "Manolache,M"]
[Result "0-1"]
[WhiteElo "2467"]
[BlackElo "2394"]

1.e4 c5 2.Nf3 e6 3.Nc3 a6 4.d4 cxd4 5.Nxd4 Qc7 6.g3 Bb4 7.Bd2 Nc6 8.Nxc6 dxc6
9.Bg2 e5 10.f4 Nf6 11.f5 b5 12.g4 h6 13.Qe2 Bb7 14.h4 O-O-O 15.O-O-O Nd7
16.g5 Nb6 17.gxh6 gxh6 18.Nb1 Bxd2+ 19.Nxd2 c5 20.Rh3 Rhg8 21.Bh1 c4 22.Qe3 Rd6
23.Nf1 Rxd1+ 24.Kxd1 Qd6+ 25.Kc1 Na4 26.c3 Nc5 27.Bf3 Rd8 28.Nd2 Nd3+ 29.Kc2 Nxb2
30.Nb1 Nd3 31.Rg3 b4 32.Rg7 bxc3 33.a3 Qd4 34.Qg1 Nf2 35.Rg8 Qd3+ 36.Kc1 Qxf3
37.Rxd8+ Kxd8 38.Qg8+ Kc7 39.Qxf7+ Kb6 40.Qe6+ Ka7  0-1

[Event "Friendship GM"]
[Site "Prerove CZE"]
[Date "2001.12.08"]
[Round "5"]
[White "Antoniewski,R"]
[Black "Berzinsh,R"]
[Result "0-1"]
[WhiteElo "2446"]
[BlackElo "2464"]

1.Nf3 c5 2.e4 e6 3.d4 cxd4 4.Nxd4 a6 5.Nc3 b5 6.Bd3 Qb6 7.Be3 Bc5 8.Be2 Nc6
9.Nxc6 dxc6 10.Bxc5 Qxc5 11.Qd3 Nf6 12.f4 e5 13.f5 O-O 14.O-O-O a5 15.g4 a4
16.g5 Nd7 17.a3 b4 18.axb4 Qxb4 19.Qc4 Qb6 20.g6 Nc5 21.gxf7+ Kh8 22.Rhe1 Ba6
23.Qa2 Nb3+ 24.cxb3 axb3 25.Qb1 Qe3+ 26.Rd2 Rad8 27.Rd1 Bxe2 28.Nxe2 h6 29.Qa1 Ra8
30.Qb1 Rxf7 31.Nc3 Rd7 32.h3 Rad8 33.Nd5 cxd5 34.Qd3 Ra8 35.Kb1 Rda7  0-1

[Event "FSGMA December"]
[Site "Budapest HUN"]
[Date "2001.12.09"]
[Round "9"]
[White "Felgaer,R"]
[Black "Horvath,Ad"]
[Result "1/2-1/2"]
[WhiteElo "2467"]
[BlackElo "2490"]

1.e4 c5 2.Nf3 e6 3.d4 cxd4 4.Nxd4 a6 5.Nc3 Qc7 6.g3 Bb4 7.Ne2 Nf6 8.Bg2 Be7
9.Nf4 Nc6 10.g4 d6 11.g5 Nd7 12.h4 b5 13.b3 Bb7 14.Bb2 Nce5 15.Qd2 Nc5 16.Nh5 b4
17.Nd5 exd5 18.exd5 g6 19.Ng3 f5 20.f4 O-O-O 21.a3 Rhe8 22.O-O bxa3 23.Rxa3 Kb8
24.Bd4 Bf8 25.Rb1 Rc8 26.c4 Bg7 27.fxe5 dxe5 28.Bf2 e4 29.Qe3 Bf8 30.Ne2 Bd6
31.b4 f4 32.Nxf4 Bxf4 33.Qxc5 e3 34.Bxe3 Rxe3 35.Rxe3 Qxc5 36.bxc5 Bxe3+
37.Kh1 Ka7 38.c6 Ba8 39.Rd1 Kb6 40.Rb1+ Kc5 41.Bh3 Rc7 42.Rb8 Ra7 43.c7 Bxd5+
44.cxd5 Rxc7 45.Ra8 Kxd5 46.Rxa6 Ke4 47.Re6+ Kf4 48.Kh2 Bd4 49.Re2 Kf3 50.Bg4+ Kf4
51.Be6 Be3 52.Kg2 Rc1 53.Ra2 Rg1+ 54.Kh2 Rd1 55.Kg2 Rg1+ 56.Kh2 Re1 57.Ra4+ Ke5
58.Bg4 Bd4  1/2-1/2

[Event "ch-BRA"]
[Site "Sao Paolo BRA"]
[Date "2001.12.17"]
[Round "1"]
[White "Di Berardino,D"]
[Black "Disconzi da Silva,R"]
[Result "0-1"]
[WhiteElo "2207"]
[BlackElo "2410"]

1.e4 c5 2.Nf3 e6 3.d4 cxd4 4.Nxd4 a6 5.Nc3 b5 6.Bd3 Qb6 7.Be3 Bc5 8.Be2 Nc6
9.Nxc6 dxc6 10.Bxc5 Qxc5 11.O-O Nf6 12.Kh1 e5 13.Qd3 Be6 14.Rad1 Bc4 15.Qg3 Bxe2
16.Nxe2 O-O 17.Qd3 Qb4 18.Qc3 Qxe4 19.Ng3 Qf4 20.Qxc6 Rfc8 21.Qd6 h5 22.Qd2 h4
23.Ne2 Qxd2 24.Rxd2 Ne4 25.Rd7 Rxc2 26.Nc1 Rac8 27.Nd3 Nxf2+  0-1

[Event "ch-BRA"]
[Site "Sao Paolo BRA"]
[Date "2001.12.18"]
[Round "2"]
[White "Di Berardino,D"]
[Black "Mercadante,R"]
[Result "1-0"]
[WhiteElo "2207"]
[BlackElo "2318"]

1.e4 c5 2.Nf3 e6 3.d4 cxd4 4.Nxd4 a6 5.Nc3 Qc7 6.Be2 Bb4 7.Qd3 Nf6 8.O-O Nc6
9.Bg5 Ne5 10.Qe3 d6 11.Kh1 Bxc3 12.bxc3 Bd7 13.f4 Nc4 14.Bxc4 Qxc4 15.Bxf6 gxf6
16.e5 Rc8 17.Qg3 Qxc3 18.Qg7 Rf8 19.Rad1 dxe5 20.fxe5 fxe5 21.Qxe5 Qc5 22.Qe3 Bc6
23.Rf5 Qe7 24.Re5 Rg8 25.Rd2 Qf6 26.Rf2 Qg6 27.Nxe6 Bxg2+ 28.Kg1 Bd5+ 29.Ng5+ Be6
30.Rxf7 Qxf7 31.Rxe6+ Kf8 32.Qa3+ Kg7 33.Re7  1-0

[Event "SO-ON"]
[Site "Groningen NED"]
[Date "2001.12.23"]
[Round "2"]
[White "Afek,Y"]
[Black "Jens,J"]
[Result "1-0"]
[WhiteElo "2369"]
[BlackElo "2318"]

1.e4 c5 2.Nc3 e6 3.Nf3 a6 4.d4 cxd4 5.Nxd4 d6 6.Be3 Nf6 7.Bc4 b5 8.Bb3 b4
9.Na4 Nxe4 10.O-O Nc5 11.Nxc5 dxc5 12.Qf3 Ra7 13.Ne2 Bd6 14.Rad1 Qc7 15.Qh5 Nd7
16.Bxe6 O-O 17.Bxd7 Bxd7 18.Rxd6 Qxd6 19.Bxc5 Qb8 20.Bxf8 Qxf8 21.Rd1 h6
22.Qe5 a5 23.h3 Qc8 24.Ng3 Qc7 25.Qe7 Be6 26.Qe8+ Kh7 27.Rd2 Bxa2 28.b3 Qe7
29.Qb5 Qe1+ 30.Nf1 Ra8 31.Qd5 Ra7 32.Qf5+ g6 33.Qf6  1-0

[Event "ch-BRA"]
[Site "Sao Paolo BRA"]
[Date "2001.12.23"]
[Round "9"]
[White "Coelho,L"]
[Black "Disconzi da Silva,R"]
[Result "0-1"]
[WhiteElo "2272"]
[BlackElo "2410"]

1.e4 c5 2.Nf3 e6 3.Nc3 a6 4.d4 cxd4 5.Nxd4 Qc7 6.Bd3 Nf6 7.O-O Bc5 8.Nb3 Be7
9.f4 d6 10.a4 Nc6 11.Be3 b6 12.Qf3 Bb7 13.Qf2 Nd7 14.Rae1 O-O 15.Qg3 Bf6
16.e5 dxe5 17.Ne4 Bd8 18.f5 exf5 19.Bh6 g6 20.Rxf5 Ne7 21.Rf2 Nd5 22.Bxf8 Nxf8
23.Ng5 f6 24.Nh3 Be7 25.c4 Nb4 26.Be4 Bxe4 27.Rxe4 Rd8 28.Rd2 Rxd2 29.Nxd2 Qd7
30.Nb3 Ne6 31.Qc3 Qd4+ 32.Nf2 Qd7 33.Re1 Qc6 34.Ne4 Nf4 35.c5 Nbd3 36.Re3 Nxc5  0-1

[Event "34th Women GM"]
[Site "Belgrade YUG"]
[Date "2001.12.27"]
[Round "7"]
[White "Dimitrijevic,A"]
[Black "Stankovic,Ma"]
[Result "1/2-1/2"]
[WhiteElo "2219"]
[BlackElo "2252"]

1.e4 c5 2.Nf3 e6 3.d4 cxd4 4.Nxd4 a6 5.Nc3 Qc7 6.Be2 Nc6 7.O-O Nf6 8.Be3 Be7
9.f4 d6 10.g4 h6 11.g5 hxg5 12.fxg5 Nxd4 13.Qxd4 d5 14.Rf2 Bd6 15.gxf6 Bxh2+
16.Kf1 Be5 17.Qa4+ Bd7 18.Bb5 Rh1+ 19.Kg2 Rxa1 20.fxg7 O-O-O 21.Bxd7+ Qxd7
22.Qxd7+ Kxd7 23.Rxf7+ Kc8 24.exd5 exd5 25.Nxd5 Bxg7 26.Nb6+ Kb8 27.Rxg7 Rxa2
28.Nc4 Rc8 29.Rg4 Rxb2 30.Nxb2 Rxc2+ 31.Kf3 Rxb2 32.Bd4 Rb5 33.Ke4 Kc7 34.Rg7+ Kc6
35.Rg6+ Kc7 36.Kd3 Kd7 37.Kc4 Kc7 38.Rh6 Kd7 39.Bb6 Rb1 40.Kd5 Rb5+ 41.Kd4 Rb4+  1/2-1/2

[Event "Christmas Open"]
[Site "Zurich SUI"]
[Date "2001.12.27"]
[Round "3"]
[White "Milosevic,G"]
[Black "Kveinys,A"]
[Result "0-1"]
[WhiteElo "2379"]
[BlackElo "2547"]

1.e4 c5 2.Nc3 e6 3.Nf3 a6 4.d4 cxd4 5.Nxd4 b5 6.Bd3 Qb6 7.Nb3 Qc7 8.O-O Bb7
9.Re1 Bd6 10.h3 Ne7 11.Qh5 Ng6 12.Bd2 Be5 13.a4 b4 14.Nd1 a5 15.c3 Nc6 16.Rc1 O-O
17.Bb1 Rfb8 18.cxb4 axb4 19.Nc5 Bc8 20.b3 Ra5 21.Qg4 h5 22.Qe2 Qd6 23.Be3 Nf4
24.Qc4 h4 25.f3 Nh5 26.Nf2 Bh2+ 27.Kh1 Bf4 28.Bxf4 Qxf4 29.Nfd3 Qg5 30.e5 Ng3+
31.Kg1 Nf5 32.Re4 d5 33.exd6 Nxd6 34.Qc2 Nxe4 35.Nxe4 Qe3+ 36.Ndf2 Bd7 37.Nc5 Be8
38.Qh7+ Kf8 39.Qh8+ Ke7 40.Qxh4+ g5 41.Qc4 Ne5 42.Qc2 Rc8  0-1

[Event "10th Open"]
[Site "Aschach AUT"]
[Date "2001.12.29"]
[Round "5"]
[White "Vaculik,M"]
[Black "Stanec,N"]
[Result "0-1"]
[WhiteElo "2192"]
[BlackElo "2512"]

1.e4 c5 2.Nf3 e6 3.d4 cxd4 4.Nxd4 a6 5.Nc3 Qc7 6.g3 b5 7.Bg2 b4 8.Nce2 Bb7
9.O-O Nf6 10.Qd3 Be7 11.c3 bxc3 12.Nxc3 d6 13.b3 Nbd7 14.Ba3 Qa5 15.Na4 O-O
16.f4 Nc5 17.Nxc5 dxc5 18.Nc2 Rad8 19.Qe3 Rd2 20.Rf2 Rxc2 21.Rxc2 Qxa3 22.e5 Bxg2
23.Kxg2 Nd5 24.Qf3 c4  0-1

[Event "Open"]
[Site "Trinec CZE"]
[Date "2001.12.31"]
[Round "7"]
[White "Vojtek,V"]
[Black "Ostrowski,L"]
[Result "1-0"]
[WhiteElo "2277"]
[BlackElo "2364"]

1.e4 c5 2.Nf3 e6 3.d4 cxd4 4.Nxd4 a6 5.Nc3 b5 6.g3 Bb7 7.Bg2 Nf6 8.Qe2 b4
9.Na4 Nc6 10.Nb3 d6 11.e5 Nd7 12.O-O Qc7 13.exd6 Bxd6 14.Be3 O-O 15.Nac5 Nxc5
16.Nxc5 Bxc5 17.Bxc5 Rfd8 18.a3 a5 19.Qe3 Rdc8 20.Rfd1 Nd8 21.axb4 Bxg2 22.Kxg2 axb4
23.Rxa8 Rxa8 24.Bxb4 Qxc2 25.Qf3 Rc8 26.Bc3 Qa4 27.Rd4 Qe8 28.Rg4 e5 29.Rxg7+ Kxg7
30.Qg4+ Kf6 31.Qxc8 h5 32.f4 Kg6 33.g4 f6 34.Qf5+ Kg7 35.fxe5 Qc6+ 36.Kg3  1-0

[Event "8th Open"]
[Site "Bosnjaci CRO"]
[Date "2002.01.05"]
[Round "4"]
[White "Jakic,I"]
[Black "Rogic,D"]
[Result "1/2-1/2"]
[WhiteElo "2255"]
[BlackElo "2478"]

1.e4 c5 2.Nf3 e6 3.d4 cxd4 4.Nxd4 a6 5.Nc3 Qc7 6.Bd3 Nf6 7.O-O d6 8.a4 Be7
9.Be3 b6 10.f4 Bb7 11.Qf3 Nbd7 12.Qg3 g6 13.Rae1 Nc5 14.Bd2 Rd8 15.b4 d5
16.e5 Nfe4 17.Bxe4 dxe4 18.Qe3 Qd7 19.Nce2 Nxa4 20.Qg3 b5 21.c3 Nb6 22.f5 exf5
23.Bh6 Nd5 24.Rxf5 gxf5 25.Qg7 Rf8 26.Ng3 Qc7 27.Ngxf5 Bc8 28.Nxe7 Kxe7 29.Bg5+ Ke8
30.Bh6 Ke7 31.Bg5+  1/2-1/2

[Event "TCh-BEL 2001-2"]
[Site "Belgium BEL"]
[Date "2002.01.06"]
[Round "6"]
[White "Filipek,J"]
[Black "Chuchelov,V"]
[Result "0-1"]
[WhiteElo "2383"]
[BlackElo "2600"]

1.e4 c5 2.Nf3 e6 3.d4 cxd4 4.Nxd4 a6 5.Nc3 b5 6.Bd3 Qb6 7.Nb3 Qc7 8.O-O Bb7
9.a4 b4 10.Na2 Nf6 11.Qe2 Nc6 12.f4 d6 13.c3 bxc3 14.bxc3 Be7 15.Nb4 O-O
16.Nxc6 Qxc6 17.Nd4 Qxc3 18.Bb2 Qc7 19.Rac1 Qd7 20.e5 dxe5 21.fxe5 Nd5 22.Qh5 g6
23.Qh6 Qd8 24.Nc6 Bxc6 25.Rxc6 Bg5 26.Qh3 Nf4 27.Qg3 Qxd3 28.Qxg5 Ne2+ 29.Kf2 Nd4
30.Bxd4 Qxd4+ 31.Qe3 Qxa4 32.Rc7 Rfc8 33.Rfc1 Rxc7 34.Rxc7 Rd8 35.h3 Qd1
36.Qf4 Qd2+ 37.Qxd2 Rxd2+ 38.Kf3 g5 39.g3 h5 40.h4 Rd3+ 41.Ke4 Rxg3 42.hxg5 Rg4+
43.Kf3 Rxg5 44.Rc5 Kg7 45.Ra5 Kg6 46.Kf4 f6 47.Rxa6 Rf5+ 48.Kg3  0-1

[Event "ch-AUS"]
[Site "Melbourne AUS"]
[Date "2002.01.07"]
[Round "9"]
[White "Canfell,G"]
[Black "Sandler,L"]
[Result "1-0"]
[WhiteElo "2284"]
[BlackElo "2404"]

1.e4 c5 2.Nf3 e6 3.d4 cxd4 4.Nxd4 a6 5.Nc3 Nc6 6.Be2 Qc7 7.O-O Nf6 8.Kh1 Be7
9.f4 d6 10.a4 O-O 11.Be3 Re8 12.Qd2 Bd7 13.Rad1 Bf8 14.e5 dxe5 15.fxe5 Qxe5
16.Nxc6 Bxc6 17.Bd4 Qc7 18.Rxf6 Rad8 19.Qg5 Be7 20.Rxf7 Bxg5 21.Rxc7 e5 22.Bb6 Rxd1+
23.Nxd1 Bd8 24.Rxc6 bxc6 25.Bxd8 Rxd8 26.Nc3 a5 27.Kg1 Rd4 28.Bf3 c5 29.Kf1 Kf8
30.Be4 Rb4 31.b3 c4 32.Nd5 Rb8 33.bxc4 Kf7 34.Ke2 Ke6 35.c5 Kd7 36.Nb6+ Kc7
37.Kd3 g6 38.Kc4 Rd8 39.Nd5+ Kd7 40.Nc3 Kc7 41.Nb5+ Kb8 42.c6  1-0

[Event "54th ch-YUG Youth"]
[Site "Obrenovac YUG"]
[Date "2002.01.10"]
[Round "2"]
[White "Dimitrijevic,A"]
[Black "Predojevic,B"]
[Result "0-1"]
[WhiteElo "2227"]
[BlackElo "2324"]

1.e4 c5 2.Nf3 e6 3.d4 cxd4 4.Nxd4 a6 5.Nc3 Qc7 6.Be2 b5 7.O-O Bb7 8.Bf3 Nc6
9.Re1 Bd6 10.g3 Nxd4 11.Qxd4 Be5 12.Qd3 Ne7 13.Be3 O-O 14.Rad1 Rfd8 15.Bg2 Rac8
16.f4 Bxc3 17.bxc3 d5 18.Bd4 dxe4 19.Bxe4 Bxe4 20.Qxe4 Nf5 21.Bf2 Qxc3 22.Qb7 Qxc2
23.Rxd8+ Rxd8 24.Qxa6 h5 25.Qxb5 Qxa2 26.h3 Rd2 27.Qf1 h4 28.gxh4 Qa4 29.Re2 Rxe2
30.Qxe2 Qxf4 31.Qe1 Qf3 32.Kh2 e5 33.Kg1 e4 34.Qb4 e3 35.Be1 e2  0-1

[Event "TCh-CZE 2001-2"]
[Site "CZE"]
[Date "2002.01.12"]
[Round "6"]
[White "Talla,V"]
[Black "Langner,L"]
[Result "0-1"]
[WhiteElo "2398"]
[BlackElo "2379"]

1.e4 c5 2.Nf3 e6 3.d4 cxd4 4.Nxd4 a6 5.Nc3 b5 6.Bd3 Bb7 7.O-O Qc7 8.Re1 d6
9.Bg5 g6 10.Qd2 Nd7 11.a4 Bg7 12.Bxb5 axb5 13.Ndxb5 Qc6 14.Nxd6+ Kf8 15.Nxb7 Qxb7
16.Qd6+ Ke8 17.Nb5 Rc8 18.Qb4 Qb8 19.c4 Be5 20.a5 Bxh2+ 21.Kh1 Qe5 22.f4 Bxf4
23.Bxf4 Qxf4 24.Nd6+ Kf8 25.Nxc8+ Kg7 26.Qc3+ Ngf6 27.Nb6 Ne5 28.Qe3 Qh4+
29.Qh3 Qg5 30.Qe3 Qh4+ 31.Qh3 Qg5 32.Re2 Nh5 33.Re3 Ng4 34.Rf3 Rd8 35.a6 Nf4
36.Rxf4 Qxf4 37.Kg1 Qf2+ 38.Kh1 h5 39.a7 Qxb6 40.a8=Q Rxa8 41.Qc3+ e5 42.Rxa8 Qf6
43.Ra1 Qh4+ 44.Kg1  0-1

[Event "TCh-CZE 2001-2"]
[Site "CZE"]
[Date "2002.01.12"]
[Round "6"]
[White "Babula,M"]
[Black "Forman,S"]
[Result "1/2-1/2"]
[WhiteElo "2343"]
[BlackElo "2249"]

1.e4 c5 2.Nf3 e6 3.d4 cxd4 4.Nxd4 a6 5.Nc3 Qc7 6.g3 b5 7.Bg2 Bb7 8.a3 Nf6
9.O-O Be7 10.e5 Bxg2 11.exf6 Bxf1 12.fxe7 Bc4 13.b3 Bxb3 14.cxb3 Qxc3 15.Be3 Qc7
16.Rc1 Qb7 17.Qg4 Rg8 18.Qh4 h6 19.b4 f6 20.Bxh6 Kxe7 21.Be3 d6 22.Qg4 Qd7
23.f4 Kf7 24.f5 exf5 25.Nxf5 g6 26.Nh6+ Kg7 27.Qf3 Re8 28.Ng4 Qe6 29.Qxa8 Qxg4
30.Qb7+ Nd7 31.Bf2 Re7 32.Rc7 Rf7 33.Qd5 Ne5 34.Rxf7+ Nxf7 35.Qb7 Qd1+ 36.Kg2 Qa4
37.Qf3 a5 38.bxa5 Qxa5 39.Qd3 Qa8+ 40.Kf1 Qc6 41.Bd4 Ne5 42.Bxe5 Qh1+ 43.Kf2 Qxh2+
44.Kf1 Qh3+ 45.Kf2 dxe5 46.Qxb5 Qf5+ 47.Ke3 Qg5+ 48.Kf2 Qd2+ 49.Kf3 Qc3+
50.Kg2 Qxa3 51.Qd7+ Kf8 52.Qd8+ Kf7 53.Qd5+ Ke7 54.Qb7+ Kf8 55.Qc8+ Kf7 56.Qc4+ Kg7
57.Qc7+ Kh6 58.Qc8 Kg5 59.Kh3 Qf3 60.Kh2 Qf2+ 61.Kh1 e4 62.Qg4+ Kh6 63.Qh4+ Kg7
64.Qxe4 Qa7 65.Kg2 Qa2+ 66.Kg1 Qa1+ 67.Kg2 Qb2+ 68.Kg1 Qe5 69.Qb7+ Kh6 70.Qh1+ Kg5
71.Qh4+ Kf5 72.Qh3+ Ke4 73.Qg4+ Ke3 74.Qxg6 Qg5 75.Qxg5+ fxg5 76.g4  1/2-1/2

[Event "54th ch-YUG Youth"]
[Site "Obrenovac YUG"]
[Date "2002.01.15"]
[Round "6"]
[White "Dimitrijevic,A"]
[Black "Boskovic,D"]
[Result "1-0"]
[WhiteElo "2227"]
[BlackElo "2354"]

1.e4 c5 2.Nf3 e6 3.d4 cxd4 4.Nxd4 a6 5.Nc3 Qc7 6.f4 b5 7.Be3 Bb7 8.e5 b4
9.Na4 d6 10.exd6 Bxd6 11.Qg4 Kf8 12.Nb6 Ra7 13.O-O-O Be4 14.Bd3 h5 15.Nxe6+ fxe6
16.Qxe6 Bxd3 17.Rxd3 Rh6 18.Qc8+ Qxc8 19.Nxc8 Re7 20.Bd2 Bc5 21.Nxe7 Kxe7
22.Rd5 Nd7 23.Re1+ Kd8 24.Be3 Bxe3+ 25.Rxe3 Nf6 26.Rd6 Ng4 27.Rxh6 Nxh6 28.Re6 a5
29.Ra6 Nf5 30.Rxa5 g6 31.Rb5 Kc7 32.g3 Ne3 33.Rg5 Nf8 34.h3 Kc6 35.Re5 Nd5
36.Re8 Nd7 37.Re6+ Kc5 38.Rxg6 Kd4 39.Re6 N7f6 40.a4 bxa3 41.bxa3 Ne4 42.a4 Nxg3
43.a5 Nxf4 44.Rd6+ Kc5 45.a6 Kxd6 46.a7 Ke5 47.a8=Q  1-0

[Event "18th Open"]
[Site "Skopje MKD"]
[Date "2002.01.15"]
[Round "1"]
[White "Galego,L"]
[Black "Andonovski,L"]
[Result "1-0"]
[WhiteElo "2521"]
[BlackElo "2330"]

1.e4 c5 2.Nf3 e6 3.Nc3 a6 4.d4 cxd4 5.Nxd4 Nc6 6.Nxc6 bxc6 7.Bd3 d5 8.O-O Nf6
9.Bg5 Be7 10.exd5 exd5 11.Re1 O-O 12.Qf3 h6 13.Bd2 Bd6 14.h3 Rb8 15.b3 a5
16.Rad1 Bc7 17.Ne2 a4 18.Ng3 axb3 19.axb3 Qd6 20.Bc3 Qf4 21.Qxf4 Bxf4 22.Nf5 Bxf5
23.Bxf5 Bd6 24.Bd4 Rfe8 25.Rxe8+ Rxe8 26.Kf1 Be5 27.Be3 g6 28.Bd3 Kg7 29.c4 Rb8
30.Rb1 Ne4 31.Bxe4 dxe4 32.b4 f5 33.b5 f4 34.Bc5 cxb5 35.cxb5 Kf6 36.b6 Rc8
37.Rb5 Ke6 38.b7 Rd8 39.Bb6  1-0

[Event "18th Open"]
[Site "Skopje MKD"]
[Date "2002.01.16"]
[Round "2"]
[White "Paramos Dominguez,R"]
[Black "Petkovski,V"]
[Result "1-0"]
[WhiteElo "2381"]
[BlackElo "2227"]

1.e4 c5 2.Nf3 e6 3.d4 cxd4 4.Nxd4 a6 5.Nc3 Qc7 6.Be2 Nf6 7.O-O Bb4 8.Bg5 Bxc3
9.Bxf6 gxf6 10.bxc3 Qxc3 11.Rb1 Qc7 12.f4 b5 13.f5 Qe5 14.Kh1 Nc6 15.Nxc6 dxc6
16.Qd2 Bd7 17.Rb3 c5 18.Rd3 Bc6 19.fxe6 fxe6 20.Qh6 f5 21.Rxf5 Qa1+ 22.Rf1  1-0

[Event "TCh-AUT 2001-2"]
[Site "Graz AUT"]
[Date "2002.01.17"]
[Round "5"]
[White "Berndt,S"]
[Black "Atlas,V"]
[Result "1/2-1/2"]
[WhiteElo "2482"]
[BlackElo "2503"]

1.e4 c5 2.Nf3 e6 3.d4 cxd4 4.Nxd4 a6 5.Nc3 b5 6.Bd3 Bb7 7.O-O Qc7 8.Re1 Bc5
9.Be3 Nf6 10.Nb3 Bxe3 11.Rxe3 b4  1/2-1/2

[Event "TCh-ISR"]
[Site "ISR"]
[Date "2002.01.18"]
[Round "2"]
[White "Kosashvili,Y"]
[Black "Gofshtein,Z"]
[Result "0-1"]
[WhiteElo "2535"]
[BlackElo "2498"]

1.e4 c5 2.Nf3 e6 3.d4 cxd4 4.Nxd4 a6 5.Nc3 b5 6.Bd3 Qb6 7.Nb3 Qc7 8.O-O Nf6
9.f4 Bb7 10.e5 b4 11.Nb1 Nd5 12.Qe2 Nc6 13.c4 bxc3 14.bxc3 d6 15.c4 Ndb4
16.exd6 Qxd6 17.Rd1 Nd4 18.Qf1 Nxb3 19.axb3 Qd4+ 20.Qf2 Bc5  0-1